000 00641nam a2200157 a 4500
001 000029696
005 20200930055734.0
008 110425s1984 dr 000 s spa d
040 _aDO-SdBNP
_bspa
_cBNPD
082 _axxx
110 _aGobierno de Concentración Nacional.
_956492
245 1 0 _aDiscurso pronunciado por el ciudadano presidente, Dr. Salvador Jorge Blanco en la ciudad de Azua, con motivo de la conmemoración de la Batalla del 19 de Marzo/.
260 _aAzua, República Dominicana :
_bDirección General de Información, Publicidad y Prensa de la Presidencia,
_c1984.
300 _a9 p. :
_bil. ;
_c21 cm.
049 _aBNPD
999 _c29188
_d29188